[Event "SVK-chT4 A22 1819"]
[Site "Slovakia"]
[Date "2019.03.17"]
[Round "11.1"]
[White "Zarecky, Eduard"]
[Black "Csefalvay, Stefan"]
[Result "1/2-1/2"]
[WhiteElo "1816"]
[BlackElo "1769"]
[PlyCount "60"]
[EventDate "2018.10.14"]
[EventType "team-tourn"]
[EventRounds "11"]
[EventCountry "SVK"]
[SourceTitle "EXT 2020"]
[Source "ChessBase"]
[SourceDate "2019.10.17"]
[SourceVersion "1"]
[SourceVersionDate "2019.10.17"]
[SourceQuality "1"]

1. d4 d5 2. c4 c6 3. Nc3 Nf6 4. Nf3 e6 5. e3 Bb4 6. Bd2 a5 7. c5 0-0 8. Bd3 Nbd7 9. 0-0 Qc7 10. a3 Bxc3 11. Bxc3 b6 12. b4 axb4 13. axb4 Bb7 14. Qc2 h6 15. h3 Nh5 16. Bh7+ Kh8 17. Bd3 Nhf6 18. Qe2 Rfe8 19. Ne5 Nxe5 20. dxe5 Nd7 21. Qh5 Kg8 22. Bd4 bxc5 23. bxc5 Rxa1 24. Rxa1 Ra8 25. Rxa8+ Bxa8 26. f4 Bb7 27. g4 Qa5 28. Qh4 Ba6 29. Bxa6 Qxa6 30. Qd8+ Nf8 1/2-1/2

[Event "SVK-chT4 A22 1819"]
[Site "Slovakia"]
[Date "2018.12.16"]
[Round "5.1"]
[White "Jancik, Ondrej"]
[Black "Csefalvay, Stefan"]
[Result "0-1"]
[WhiteElo "1582"]
[BlackElo "1769"]
[PlyCount "72"]
[EventDate "2018.10.14"]
[EventType "team-tourn"]
[EventRounds "11"]
[EventCountry "SVK"]
[SourceTitle "EXT 2020"]
[Source "ChessBase"]
[SourceDate "2019.10.17"]
[SourceVersion "1"]
[SourceVersionDate "2019.10.17"]
[SourceQuality "1"]

1. e4 c5 2. Nf3 e6 3. d4 cxd4 4. Nxd4 Nf6 5. Nc3 d6 6. Be3 a6 7. Be2 Be7 8. 0-0 0-0 9. f3 Nc6 10. Qd2 Nxd4 11. Bxd4 e5 12. Bf2 Be6 13. Rac1 Rc8 14. Nd1 d5 15. exd5 Nxd5 16. c4 Nf4 17. Qe1 Bb4 18. Nc3 Nxe2+ 19. Qxe2 Bxc4 20. Qe4 Bxc3 21. Rfd1 Bd4 22. Bxd4 exd4 23. Rxd4 Qb6 24. Rcd1 Bxa2 25. Kh1 Rcd8 26. h3 Rxd4 27. Rxd4 Qe6 28. Qd3 g6 29. Qd2 Re8 30. Re4 Qc6 31. Rh4 Qf6 32. Rd4 Be6 33. f4 Rc8 34. Kh2 Rc4 35. Rd8+ Kg7 36. Qd6 Qxf4+ 0-1

[Event "SVK-chT3A2 1718"]
[Site "Slovakia"]
[Date "2017.10.08"]
[Round "1.6"]
[White "Markuliak, Mario"]
[Black "Csefalvay, Stefan"]
[Result "1/2-1/2"]
[WhiteElo "1883"]
[BlackElo "1824"]
[PlyCount "44"]
[EventDate "2017.10.08"]
[EventType "team-tourn"]
[EventRounds "11"]
[EventCountry "SVK"]
[SourceTitle "EXT 2020"]
[Source "ChessBase"]
[SourceDate "2019.10.17"]
[SourceVersion "1"]
[SourceVersionDate "2019.10.17"]
[SourceQuality "1"]
[WhiteTeam "Cifer"]
[BlackTeam "Potonska Veza II"]
[WhiteTeamCountry "SVK"]
[BlackTeamCountry "SVK"]

1. c4 c5 2. Nf3 g6 3. g3 Bg7 4. Bg2 Nf6 5. 0-0 0-0 6. Nc3 Nc6 7. d3 a6 8. a3 d6 9. Rb1 Rb8 10. b4 cxb4 11. axb4 b6 12. b5 axb5 13. Nxb5 Bb7 14. Bb2 e5 15. Ba3 Ne8 16. Qb3 Kh8 17. h4 h6 18. Nc3 Ba8 19. Nd5 Na5 20. Qb4 b5 21. Nd2 Nc6 22. Qb3 Nd4 1/2-1/2

[Event "Banska Stiavnica V4 op"]
[Site "Banska Stiavnica"]
[Date "2017.07.08"]
[Round "1"]
[White "Csefalvay, Stefan"]
[Black "Takacs, Laszlo"]
[Result "0-1"]
[WhiteElo "1839"]
[BlackElo "2207"]
[PlyCount "44"]
[EventDate "2017.07.08"]
[EventType "swiss"]
[EventRounds "9"]
[EventCountry "SVK"]
[SourceTitle "CBM 179 Extra"]
[Source "ChessBase"]
[SourceDate "2017.08.23"]
[SourceVersion "1"]
[SourceVersionDate "2017.08.23"]
[SourceQuality "1"]

1. c4 e5 2. g3 Nf6 3. Bg2 d5 4. cxd5 Nxd5 5. Nc3 Nb6 6. Nf3 Nc6 7. d3 Be6 8. Ng5 Bg4 9. h3 Bh5 10. 0-0 Be7 11. Nf3 f6 12. Na4 Bf7 13. Nxb6 axb6 14. Bd2 Rxa2 15. Rxa2 Bxa2 16. Qa4 Be6 17. Bc3 0-0 18. d4 e4 19. Nd2 f5 20. e3 Qa8 21. Ra1 Qxa4 22. Rxa4 b5 0-1

[Event "SVK-chT4 A22 1617"]
[Site "Slovakia"]
[Date "2016.10.09"]
[Round "1.4"]
[White "Drahos, Miroslav"]
[Black "Csefalvay, Stefan"]
[Result "0-1"]
[WhiteElo "1750"]
[BlackElo "1803"]
[PlyCount "120"]
[EventDate "2016.10.09"]
[EventType "team-tourn"]
[EventRounds "11"]
[EventCountry "SVK"]
[SourceTitle "EXT 2020"]
[Source "ChessBase"]
[SourceDate "2019.10.17"]
[SourceVersion "1"]
[SourceVersionDate "2019.10.17"]
[SourceQuality "1"]

1. e4 c5 2. c3 d5 3. exd5 Qxd5 4. d4 Nc6 5. Nf3 Bg4 6. Be2 e6 7. 0-0 Nf6 8. Be3 cxd4 9. cxd4 Be7 10. Nc3 Qd8 11. h3 Bh5 12. Qa4 0-0 13. Rfd1 Nb4 14. Rac1 a6 15. a3 Nbd5 16. Qb3 Qb6 17. Qxb6 Nxb6 18. g4 Bg6 19. Ne5 Nfd5 20. Nxd5 Nxd5 21. Nxg6 hxg6 22. Bf3 Bd6 23. Bxd5 exd5 24. Kf1 Rac8 25. Ke2 f5 26. Rxc8 Rxc8 27. Rc1 Rxc1 28. Bxc1 b5 29. Bd2 Kf7 30. g5 Ke6 31. f4 Kd7 32. Ke3 Kc6 33. Kd3 Kb6 34. Ke3 b4 35. axb4 Kb5 36. Kd3 Bxb4 37. Bc1 Be1 38. Ke2 Bh4 39. Kd3 Ka4 40. Kc2 Be1 41. Be3 a5 42. Kb1 Kb3 43. Kc1 a4 44. Kb1 Ba5 45. Bc1 Bb6 46. Be3 Kc4 47. Kc2 Bxd4 48. Bd2 Bf2 49. Bc3 d4 50. Ba5 Be3 51. Bc7 d3+ 52. Kd1 Bd4 53. Be5 Kd5 54. Kd2 Bxe5 55. fxe5 Kxe5 56. Kxd3 f4 57. h4 Kd5 58. Kc3 Ke4 59. Kb4 f3 60. Kxa4 f2 0-1

[Event "SVK-chT4 A22 1516"]
[Site "Slovakia"]
[Date "2015.12.13"]
[Round "5.1"]
[White "Bugar, Peter"]
[Black "Csefalvay, Stefan"]
[Result "1/2-1/2"]
[WhiteElo "1672"]
[BlackElo "1840"]
[PlyCount "61"]
[EventDate "2015.10.04"]
[EventType "team-tourn"]
[EventRounds "11"]
[EventCountry "SVK"]
[SourceTitle "EXT 2020"]
[Source "ChessBase"]
[SourceDate "2019.10.17"]
[SourceVersion "1"]
[SourceVersionDate "2019.10.17"]
[SourceQuality "1"]

1. d4 Nf6 2. c4 e6 3. Nf3 Bb4+ 4. Bd2 a5 5. a3 Be7 6. Nc3 b6 7. e4 d5 8. cxd5 exd5 9. e5 Ne4 10. Qc2 Nxd2 11. Nxd2 0-0 12. Bd3 h6 13. 0-0 c5 14. dxc5 bxc5 15. b3 Nc6 16. Nf3 Bg4 17. Bb5 Bxf3 18. Bxc6 Rc8 19. Bxd5 Bxd5 20. Rfd1 Bxb3 21. Qxb3 Qe8 22. Nd5 Bd8 23. Qc3 a4 24. Rab1 f6 25. exf6 Bxf6 26. Qc4 Kh8 27. Nb6 Rc6 28. Nxa4 Bd4 29. Rd2 Qe4 30. Qc1 Rcf6 31. Qc2 1/2-1/2

[Event "SVK-chT2A 1314"]
[Site "Slovakia"]
[Date "2014.03.16"]
[Round "11.5"]
[White "Csefalvay, Stefan"]
[Black "Liptak, Tomas"]
[Result "1/2-1/2"]
[WhiteElo "1852"]
[BlackElo "2108"]
[PlyCount "116"]
[EventDate "2013.10.19"]
[EventType "team-tourn"]
[EventRounds "11"]
[EventCountry "SVK"]
[SourceTitle "EXT 2015"]
[Source "ChessBase"]
[SourceDate "2014.11.20"]
[SourceVersion "1"]
[SourceVersionDate "2014.11.20"]
[SourceQuality "1"]
[WhiteTeam "Potonska Veza"]
[BlackTeam "Trnava Lokomotiva II"]
[WhiteTeamCountry "SVK"]
[BlackTeamCountry "SVK"]

1. b3 e5 2. Bb2 d6 3. e3 f5 4. d4 e4 5. d5 Nf6 6. Ne2 Nbd7 7. Nbc3 Ne5 8. h3 g6 9. Nd4 a6 10. Be2 Bg7 11. Qd2 c5 12. dxc6 bxc6 13. f4 exf3 14. Nxf3 Nf7 15. 0-0-0 Qe7 16. Rhe1 0-0 17. Kb1 Re8 18. Bd3 d5 19. Qe2 Bh6 20. Bc1 Qc7 21. Qf2 Bb7 22. Qh4 Bg7 23. Bb2 c5 24. Ng5 Nxg5 25. Qxg5 Re6 26. g4 fxg4 27. hxg4 Rae8 28. Rf1 Qe7 29. e4 Re5 30. Qf4 d4 31. Bc4+ Kh8 32. Nd5 Nxd5 33. Bxd5 Bxd5 34. exd5 Rxd5 35. Qf7 Rd7 36. Qc4 Qd6 37. Rf7 Rxf7 38. Qxf7 Rf8 39. Qc4 Rf4 40. Re1 Rxg4 41. Re8+ Bf8 42. a4 a5 43. Ba3 Kg7 44. Re6 Qc7 45. Qd5 Rg1+ 46. Kb2 Qf7 47. Qe5+ Kg8 48. Rf6 Qe7 49. Re6 Qd7 50. Re8 Kf7 51. Rxf8+ Kxf8 52. Bxc5+ Kf7 53. Bxd4 Rg4 54. Qf6+ Ke8 55. Qh8+ Ke7 56. Qf6+ Ke8 57. Qh8+ Kf7 58. Qf6+ Kg8 1/2-1/2

[Event "SVK-chT3A2 1314"]
[Site "Slovakia"]
[Date "2014.03.02"]
[Round "10.5"]
[White "Palka, Miroslav"]
[Black "Csefalvay, Stefan"]
[Result "1/2-1/2"]
[WhiteElo "1924"]
[BlackElo "1852"]
[PlyCount "60"]
[EventDate "2013.10.13"]
[EventType "team-tourn"]
[EventRounds "11"]
[EventCountry "SVK"]
[SourceTitle "EXT 2015"]
[Source "ChessBase"]
[SourceDate "2014.11.20"]
[SourceVersion "1"]
[SourceVersionDate "2014.11.20"]
[SourceQuality "1"]
[WhiteTeam "Senica SK"]
[BlackTeam "Velky Meder MSK Corvin"]
[WhiteTeamCountry "SVK"]
[BlackTeamCountry "SVK"]

1. c4 Nf6 2. Nc3 e6 3. e4 d5 4. e5 d4 5. exf6 dxc3 6. bxc3 Qxf6 7. Nf3 e5 8. Be2 c5 9. 0-0 Nc6 10. d3 h6 11. h3 Be7 12. Nh2 0-0 13. Rb1 Rd8 14. Bf3 Qd6 15. Be4 b6 16. Qf3 Bd7 17. Ng4 Rac8 18. Ne3 Bg5 19. Nf5 Qf6 20. Bxg5 hxg5 21. Rbd1 Bxf5 22. Bxf5 Rc7 23. Rfe1 g6 24. Be4 Qxf3 25. Bxf3 f6 26. Bxc6 Rxc6 27. f3 Rcd6 28. Re3 Kf7 29. Kf1 R8d7 30. Ke2 Re6 1/2-1/2